| 000 | 01390nam a2200349Ia 4500 | ||
|---|---|---|---|
| 001 | ebr10274026 | ||
| 003 | CaPaEBR | ||
| 006 | m u | ||
| 007 | cr cn||||||||| | ||
| 008 | 090108s2009 enk sb 001 0 eng d | ||
| 020 | _z0335221521 | ||
| 020 | _z9780335221523 | ||
| 040 |
_aCaPaEBR _cCaPaEBR |
||
| 035 | _a(OCoLC)313815008 | ||
| 050 | 1 | 4 |
_aHC79.C6 _bL584 2009eb |
| 100 | 1 |
_aLittler, Jo, _d1972- |
|
| 245 | 1 | 0 |
_aRadical consumption _h[electronic resource] : _bshopping for change in contemporary culture / _cJo Littler. |
| 260 |
_aBerkshire : _bOpen University, _c2009. |
||
| 300 | _aviii, 146 p. | ||
| 504 | _aIncludes bibliographical references and index. | ||
| 533 |
_aElectronic reproduction. _bPalo Alto, Calif. : _cebrary, _d2009. _nAvailable via World Wide Web. _nAccess may be limited to ebrary affiliated libraries. |
||
| 650 | 0 |
_aCulture _xEconomic aspects. |
|
| 650 | 0 |
_aConsumption (Economics) _xMoral and ethical aspects. |
|
| 650 | 0 |
_aConsumption (Economics) _xSocial aspects. |
|
| 650 | 0 |
_aSustainable development _xEconomic aspects. |
|
| 650 | 0 |
_aEnvironmentalism _xEconomic aspects. |
|
| 650 | 0 | _aGreen products. | |
| 650 | 0 | _aConsumer protection. | |
| 655 | 7 |
_aElectronic books. _2local |
|
| 710 | 2 | _aebrary, Inc. | |
| 856 | 4 | 0 |
_uhttp://site.ebrary.com/lib/rucke/Doc?id=10274026 _zAn electronic book accessible through the World Wide Web; click to view |
| 999 |
_c5910 _d5910 |
||